Colonial lessons: Africans education in Southern Rhodesia, 1918-1940
Saved in:
| Hovedforfatter: | |
|---|---|
| Format: | Bog |
| Sprog: | engelsk |
| Udgivet: |
Heinemann
2002
|
| Tags: |
Tilføj Tag
Ingen Tags, Vær først til at tagge denne postø!
|
MARC
| LEADER | 00000nam a22000007a 4500 | ||
|---|---|---|---|
| 008 | 211028b ||||| |||| 00| 0 eng d | ||
| 020 | |a 0 325 07047 4 | ||
| 100 | |a SUMMERS, Carol, 1964 | ||
| 245 | |a Colonial lessons: |b Africans education in Southern Rhodesia, 1918-1940 |c Carol Summer |e Social history of Africa. ISSN 1099-8098 |g xxix, 212 p. : ill. ; 25 cm. | ||
| 260 | |b Heinemann |c 2002 |h Portsmouth, NH. |i 649373 |l LA1591.Su6 |m Education--Zimbabwe--History--20th century |m Black--Education--Zimbabwe--History--20th century |m Segregation in education--Zimbabwe--History--20th century |m Zimbabwe--Colonial influence | ||
| 500 | |a Includes references and index. | ||
| 942 | |a lcc |c BK |e YUNUSA, A.A. |f 28/10/21 | ||
| 952 | |0 0 |1 0 |2 lcc |4 0 |6 LA1591 S U6 |7 0 |9 3736 |a HOL |b HOL |c LP |d 2021-10-28 |l 0 |o LA1591.Su6 |p 2021-67470 |r 2021-10-28 00:00:00 |w 2021-10-28 |y BK | ||
| 999 | |c 1855 |d 1855 | ||